Video-based surveillance systems : computer vision and distributed processing /

The latest generation of visual surveillance systems have adopted recent technological developments in acquisition and communications. These advances have not so much changed the nature of surveillance as extended its reach and reliability. Fundamentally, systems remain relatively unintelligent with...

Full description

Bibliographic Details
Corporate Author: SpringerLink (Online service)
Other Authors: Remagnino, Paolo, 1963-
Format: eBook
Language:English
Published: New York : Springer, [2002]
Subjects:
Online Access:Connect to the full text of this electronic book

MARC

Tag First Indicator Second Indicator Subfields
LEADER 00000cam a2200000Ma 4500
001 in00003555821
006 m o d
007 cr nn|||||||||
008 121227s2002 nyu o 000 0 eng d
005 20260422222233.3
020 |a 9781461509134 (electronic bk.) 
020 |a 1461509130 (electronic bk.) 
020 |z 9781461353010 
035 |a (OCoLC)840283539 
040 |a I9W  |b eng  |e pn  |c I9W  |d OCLCQ  |d GW5XE  |d OCLCF  |d UtOrBLW 
049 |a TXAM 
050 4 |a TK6680 
082 0 4 |a 621.389/28  |2 23 
245 0 0 |a Video-based surveillance systems :  |b computer vision and distributed processing /  |c edited by Paolo Remagnino[and others]. 
264 1 |a New York :  |b Springer,  |c [2002] 
264 4 |c ©2002 
300 |a 1 online resource (296 pages) 
336 |a text  |b txt  |2 rdacontent 
337 |a computer  |b c  |2 rdamedia 
338 |a online resource  |b cr  |2 rdacarrier 
500 |a "Originally published by Kluwer Academic Publishers in 2002. Softcover reprint of the hardcover 1st edition 2002."--title page verso. 
520 |a The latest generation of visual surveillance systems have adopted recent technological developments in acquisition and communications. These advances have not so much changed the nature of surveillance as extended its reach and reliability. Fundamentally, systems remain relatively unintelligent with human operators remaining central to the threat assessment and response planning procedures found in CCTV installations. Nonetheless, the availability of high-performance computing platforms will ensure that cycle-hungry intellectual property gestating in academic and industrial research programs will have a major impact on the next generation of products. Video-Based Surveillance Systems: Computer Vision and Distributed Processing, surveys works in progress in laboratories from around the world. The first part of the book present the most recent trends in the industrial world including real-time systems for monitoring of indoor and outdoor environments, society infrastructures such as subways and motorways, retail stores and aerial surveillance. Part Two explores current best practices in a chain of algorithms required to perform robust and accurate real-time tracking for motion detection involving rapid and frequent lighting changes, the establishment of accurate temporally consistent object trajectories particularly in crowded scenes, and the classification of object types. Part Three contains contributions which attempt to analyze events unfolding in a monitored scheme. The last part reviews distributed intelligent architectures which are likely to exploit three key recent technological developments in light-weight distributed computing methodologies, and intelligent sensors. Such architectures, in which signal analysis is moving towards sensing devices, can exploit the reduced bandwidth requirements of transmitting knowledge rather than pixels. Video-Based Surveillance Systems: Computer Vision and Distributed Processing provides timely information for professionals working in the areas of surveillance, image processing, computer vision, digital signal processing and telecommunications. 
500 |a Electronic resource. 
650 0 |a Television in security systems. 
650 0 |a Video surveillance. 
650 0 |a Computer vision. 
650 7 |a Computer vision.  |2 fast  |0 (OCoLC)fst00872687 
650 7 |a Television in security systems.  |2 fast  |0 (OCoLC)fst01146935 
650 7 |a Video surveillance.  |2 fast  |0 (OCoLC)fst01748635 
655 7 |a Electronic books.  |2 local 
700 1 |a Remagnino, Paolo,  |d 1963- 
710 2 |a SpringerLink (Online service) 
856 4 0 |u http://proxy.library.tamu.edu/login?url=https://link.springer.com/10.1007/978-1-4615-0913-4  |z Connect to the full text of this electronic book  |t 0 
994 |a 92  |b TXA 
999 |a MARS 
999 f f |s de2d1c4f-dc80-36d9-b9cc-ecfeb0278210  |i e66716c9-d597-35b4-bed5-8e2da31b7c5e  |t 0 
952 f f |a Texas A&M University  |b College Station  |c Electronic Resources  |s www_evans  |d Available Online  |t 0  |e TK6680  |h Library of Congress classification 
998 f f |a TK6680  |t 0  |l Available Online